01341nam a2200253 a 4500001001000000005001700010008004100027041000800068044000700076084002100083100004500104245009500149260004800244300002900292500019000321500011000511500021900621500001000840650005200850650005600902650003400958650004500992740005001037BRCA_277320190320203949.0081208s1902----sp-a---###---#000-0#spa-# aspa asp a244b.C355c19021 aCervantes Saavedra, Miguel ded1547-161610aEl Ingenioso Hidalgo Don Quijote de la Manchaccompuesto por Miguel de Cervantes Saavedra. aMadridbSaturnino Calleja Fernándezc1902 axix, 644 p.bil.c16 cm. aContenido : Primera parte. Retrato de Cervantes. Dedicatoria del autor. Prólogo del autor. Versos preliminares. Texto. Segunda parte. Dedicatoria del autor. Prólogo del autor. Texto aEdición : Edición económica ilustrada con dibujos de M. Ángel, grabados por Carretero y Sampietro aEdición económica de bolsillo, ilustrada con las copias de los dibujos de otras ediciones de la misma Casa editorial. Tela; lomera y cubiertas decoradas con motivos quijotiles en negro y dorado Lúdovik Osterc aQM22714aNovela españolayÉpoca clásica, 1500-170014aLiteratura españolayÉpoca clásica, 1500-170014aNovela españolaySiglo XVII14aDon Quijote (Personaje ficticio)eNovela0 aEl Ingenioso Hidalgo Don Quijote de la Mancha